[Event "10. ArberSchach Festival Open 2023"]
[Site "Bodenmais"]
[Date "2023.08.12"]
[Round "8.9"]
[White "Nagy, Laszlo"]
[Black "Steinmacher, Josef"]
[Result "1/2-1/2"]
[WhiteElo "1894"]
[BlackElo "1984"]
[PlyCount "37"]
[EventDate "2023.??.??"]
[WhiteTeam "SG Vogtareuth-Prutting"]
[BlackTeam "SK Klingenberg"]

{[%evp 0,37,24,13,29,6,6,12,6,-23,10,10,10,0,15,-12,17,19,3,3,13,0,0,-33,-42,-60,-42,-45,-22,-27,-28,-22,-6,-21,-3,-3,-3,-2,5,-6]} 1. d4 Nf6 2. c4 e6 3. Nf3 d5 4. g3 Bb4+ 5. Bd2 Be7 6. Bg2 O-O 7. Nc3 c6 8. b3 Nbd7 9. O-O b6 10. Re1 Bb7 11. cxd5 cxd5 12. Bf4 a6 13. Qd3 b5 14. Rec1 Ba3 15. Rc2 Qe7 16. Bc1 Bd6 17. Bb2 Rfc8 18. Rac1 Rc7 19. e3 1/2-1/2

[Event "10. ArberSchach Festival Open 2023"]
[Site "Bodenmais"]
[Date "2023.08.12"]
[Round "8.13"]
[White "Kalkmann, Hans"]
[Black "Pühn, Georg"]
[Result "1/2-1/2"]
[WhiteElo "1848"]
[BlackElo "2007"]
[PlyCount "52"]
[EventDate "2023.??.??"]
[WhiteTeam "SC Springer St.Tönis"]
[BlackTeam "SW Nürnberg Süd"]

{[%evp 0,52,30,13,14,6,6,6,6,-10,25,21,30,33,41,33,8,-4,6,-12,28,-10,12,-34,8,1,8,-4,-16,-29,-35,-39,-46,-39,-49,-84,-73,-63,-63,-83,-53,-89,-86,-90,-72,-95,-102,-77,-79,-63,-55,-62,-56,-67,-69]} 1. d4 d5 2. c4 e6 3. Nc3 Nf6 4. Bg5 Be7 5. e3 Nbd7 6. Nf3 h6 7. Bxf6 Nxf6 8. Rc1 O-O 9. Bd3 a6 10. a4 b6 11. O-O Bb7 12. cxd5 exd5 13. Qb3 Rb8 14. Rfd1 Bd6 15. Qa2 Re8 16. b3 Qe7 17. Bf1 Rbd8 18. g3 Bc8 19. Qc2 Bg4 20. Bg2 Qd7 21. Qd3 Qc8 22. Rf1 Ba3 23. Ra1 Bf5 24. Qe2 Bd6 25. Qb2 c6 26. Rac1 Qb7 1/2-1/2

[Event "10. ArberSchach Festival Open 2023"]
[Site "Bodenmais"]
[Date "2023.08.12"]
[Round "8.19"]
[White "Siegismund, Bernd"]
[Black "Drews, Rüdiger"]
[Result "1/2-1/2"]
[WhiteElo "1764"]
[BlackElo "1894"]
[PlyCount "94"]
[EventDate "2023.??.??"]
[WhiteTeam "SK Bad Schwalbach"]
[BlackTeam "Mosbacher SC"]

{[%evp 0,94,30,25,58,6,8,-2,-12,-18,5,16,36,17,37,20,22,13,14,15,32,35,87,-1,1,-19,-15,-17,-21,-9,-29,-22,-6,-27,-28,-51,-18,-88,-38,-38,-47,-41,-4,-29,-32,-73,-68,-57,-52,-52,-47,-48,-41,-88,-39,-87,-87,-82,-56,-61,-52,-48,-51,-56,-52,-46,0,-55,-55,-52,-47,-68,-32,-80,-36,-53,-53,-50,-39,-39,-34,-49,-15,-21,0,0,0,0,8,-6,0,0,-6,7,0,0,5]} 1. e4 c5 2. c3 d5 3. exd5 Qxd5 4. d4 e6 5. Nf3 Nf6 6. Be2 Be7 7. O-O cxd4 8. Qxd4 Qxd4 9. Nxd4 a6 10. Nd2 e5 11. N4f3 Nc6 12. Nb3 O-O 13. Be3 Nd5 14. Bc5 Bxc5 15. Nxc5 Nf4 16. Bd1 b6 17. Ne4 Rd8 18. Ned2 Bb7 19. Bc2 Rac8 20. Be4 f6 21. Rad1 Na5 22. Bxb7 Nxb7 23. Ne4 Nd3 24. Rd2 Kf8 25. Rb1 Ke7 26. Kf1 Na5 27. Ke2 Nf4+ 28. Kf1 Rxd2 29. Nexd2 Rd8 30. g3 Ne6 31. Ke2 Nc6 32. Rd1 f5 33. Nb3 Rxd1 34. Kxd1 e4 35. Ne1 Kd6 36. Kd2 a5 37. f3 a4 38. Nc1 Kd5 39. b3 b5 40. Ke3 exf3 41. Nxf3 Ne5 42. Nxe5 Kxe5 43. Nd3+ Kd5 44. Nb4+ Ke5 45. Nc6+ Kd6 46. Nd4 axb3 47. axb3 Nxd4 1/2-1/2

[Event "10. ArberSchach Festival Open 2023"]
[Site "Bodenmais"]
[Date "2023.08.12"]
[Round "8.20"]
[White "Reuter, Markus"]
[Black "Pekrul, Jürgen"]
[Result "1/2-1/2"]
[WhiteElo "1695"]
[BlackElo "1891"]
[PlyCount "54"]
[EventDate "2023.??.??"]
[WhiteTeam "SG Niederkassel"]
[BlackTeam "VfL Gera"]

{[%evp 0,54,24,14,14,6,6,-4,6,-10,21,33,25,14,50,23,29,39,38,49,45,50,38,27,18,-28,-10,-32,-4,-3,-11,-38,-26,-33,-25,-17,3,-12,71,67,68,34,37,-38,16,-54,48,-30,-20,-85,-30,-26,5,-12,-8,-51,-36]} 1. d4 d5 2. c4 e6 3. Nc3 Nf6 4. Bg5 Be7 5. e3 O-O 6. Nf3 a6 7. Rc1 dxc4 8. Bxc4 b5 9. Bd3 Bb7 10. O-O Nbd7 11. Qe2 c5 12. Rfd1 cxd4 13. Nxd4 h6 14. Bh4 Rc8 15. Bb1 Qb6 16. a3 b4 17. axb4 Qxb4 18. f3 Nd5 19. Nxd5 exd5 20. Qd3 g6 21. Be1 Qb6 22. f4 Nc5 23. Qe2 Ne4 24. Qg4 Bf6 25. Bc3 Bg7 26. Bxe4 dxe4 27. Nf5 Rxc3 1/2-1/2

[Event "10. ArberSchach Festival Open 2023"]
[Site "Bodenmais"]
[Date "2023.08.12"]
[Round "8.21"]
[White "Laqua, Christian"]
[Black "Schröder, Klaus"]
[Result "1/2-1/2"]
[WhiteElo "2082"]
[BlackElo "1759"]
[PlyCount "52"]
[EventDate "2023.??.??"]
[WhiteTeam "SC Diogenes"]
[BlackTeam "SC Karlsdorf"]

{[%evp 0,52,30,-12,38,48,51,-17,29,48,34,25,39,28,48,14,22,22,21,24,26,25,61,39,55,50,50,39,45,18,19,17,21,21,29,26,34,19,16,7,10,-3,-4,8,-3,0,-5,-3,10,12,14,0,10,-6,28]} 1. c4 f5 2. Nc3 Nf6 3. g3 e6 4. Bg2 Nc6 5. d3 Bb4 6. Bd2 O-O 7. e3 b6 8. Nge2 Bb7 9. O-O Rb8 10. a3 Bxc3 11. Bxc3 Ne7 12. Bxb7 Rxb7 13. b4 c5 14. bxc5 bxc5 15. Rb1 Qc7 16. Be5 Rxb1 17. Bxc7 Rxd1 18. Rxd1 Rc8 19. Bd6 Kf7 20. Rb1 Rc6 21. Be5 Ra6 22. Rb3 Nc6 23. Bc3 Ke7 24. Kf1 e5 25. f3 g5 26. h3 h5 1/2-1/2

[Event "10. ArberSchach Festival Open 2023"]
[Site "Bodenmais"]
[Date "2023.08.12"]
[Round "8.22"]
[White "Malditz, Dieter"]
[Black "Korth, Manfred"]
[Result "1/2-1/2"]
[WhiteElo "1765"]
[BlackElo "1922"]
[PlyCount "107"]
[EventDate "2023.??.??"]
[WhiteTeam "SK Ludwigshafen"]
[BlackTeam "SC Heideck-Hilpoltstein"]

{[%evp 0,107,24,14,69,23,54,55,57,24,35,18,29,16,25,35,41,9,35,52,42,70,55,65,83,60,68,77,101,108,122,115,124,123,115,106,151,96,191,149,180,158,406,411,427,417,425,416,428,432,451,435,433,387,460,438,441,393,430,437,415,414,430,430,423,325,321,303,322,313,305,277,289,284,305,284,284,280,294,280,278,264,265,275,316,263,399,266,269,267,290,276,308,276,311,311,292,266,292,277,281,296,298,285,285,296,296,292,292,300]} 1. d4 d6 2. g3 Nd7 3. Bg2 c6 4. c4 e5 5. e3 Be7 6. Nf3 Ngf6 7. Nc3 O-O 8. Qc2 Re8 9. O-O Nf8 10. dxe5 dxe5 11. Nxe5 Qc7 12. Nf3 Bg4 13. b3 Qc8 14. Bb2 Bh3 15. Rad1 Bxg2 16. Kxg2 Ng6 17. Rd2 h5 18. h4 Ng4 19. Ne4 Bb4 20. Re2 Qf5 21. Nf6+ Qxf6 22. Bxf6 Nxf6 23. Rd1 Ng4 24. Qb2 Be7 25. Red2 Bf6 26. Qc2 Nf8 27. Rd3 g6 28. Ng5 Ne5 29. Rd6 Ng4 30. R6d3 Ne5 31. Rd6 Ng4 32. Rxf6 Nxf6 33. Qc3 N6h7 34. Nxh7 Kxh7 35. Qf6 Kg8 36. Rd6 Nh7 37. Qd4 Nf8 38. e4 Ne6 39. Qe3 Re7 40. f4 Ng7 41. Qd3 Ne6 42. e5 Ree8 43. Qe3 Re7 44. Qd2 Ree8 45. Kf3 c5 46. Qd5 b6 47. Rd7 Rad8 48. Rd6 Nd4+ 49. Kg2 Ne6 50. Qb7 Ra8 51. Rd7 Reb8 52. Qd5 Rd8 53. Rd6 Re8 54. Qb7 1/2-1/2

[Event "10. ArberSchach Festival Open 2023"]
[Site "Bodenmais"]
[Date "2023.08.12"]
[Round "8.23"]
[White "Scheuerer, Werner"]
[Black "Kievelitz, Bernd"]
[Result "1/2-1/2"]
[WhiteElo "1750"]
[BlackElo "1792"]
[PlyCount "102"]
[EventDate "2023.??.??"]
[WhiteTeam "SC Garching"]
[BlackTeam "SC Zitadelle Spandau"]

{[%evp 0,102,19,-26,-27,-27,-21,-31,-17,-30,-30,-10,2,2,10,8,9,4,2,-21,-18,-11,-10,-27,16,3,17,11,22,31,23,26,34,22,27,32,23,30,27,41,36,19,4,9,3,0,47,-49,39,13,36,23,0,-204,-221,-232,-228,-301,-304,-302,-241,-241,-245,-302,-314,-314,-314,-336,-306,-311,-292,-287,-321,-327,-292,-299,-360,-458,-446,-527,-527,-646,-598,-696,-714,-851,-534,-564,-544,-544,0,0,0,0,0,0,0,0,0,0,0,0,0,0,0]} 1. f4 d5 2. Nf3 g6 3. e3 Bg7 4. d4 Nf6 5. c4 e6 6. Nc3 O-O 7. Be2 b6 8. O-O Bb7 9. Rb1 dxc4 10. Bxc4 Nbd7 11. b3 Ne4 12. Nxe4 Bxe4 13. Bd3 Bxd3 14. Qxd3 c5 15. Ba3 Re8 16. dxc5 Nxc5 17. Qxd8 Raxd8 18. Bxc5 bxc5 19. Rbc1 Rd3 20. Rxc5 Rxe3 21. Rc7 a5 22. Rd1 Bf6 23. Ra7 Re4 24. g3 Rc8 25. Rxa5 Re2 26. Re1 Rxe1+ 27. Nxe1 Bc3 28. Re5 Bxe5 29. fxe5 Rc1 30. Kf2 Ra1 31. Nd3 Rxa2+ 32. Ke3 Rxh2 33. b4 Rh1 34. Kd4 h5 35. Nf2 Rg1 36. Ne4 Kg7 37. b5 g5 38. Nxg5 Rxg3 39. b6 Rb3 40. Kc5 Kg6 41. Ne4 h4 42. Nd6 Rxb6 43. Kxb6 h3 44. Ne4 Kf5 45. Nf2 h2 46. Kc5 Kf4 47. Kd4 Kf3 48. Nh1 Kg2 49. Ke3 Kh3 50. Kf3 Kh4 51. Nf2 Kg5 1/2-1/2

[Event "10. ArberSchach Festival Open 2023"]
[Site "Bodenmais"]
[Date "2023.08.12"]
[Round "8.25"]
[White "Kolas, Matija"]
[Black "Loibl, Johann"]
[Result "1/2-1/2"]
[WhiteElo "1807"]
[BlackElo "1743"]
[PlyCount "58"]
[EventDate "2023.??.??"]
[WhiteTeam "SK Markdorf"]
[BlackTeam "Klosterneuburg"]

{[%evp 0,58,24,18,29,14,5,-57,-8,-16,-3,-56,-56,-62,-25,-27,-1,-30,-31,-14,44,33,93,34,34,24,11,7,55,-22,72,63,80,84,94,94,92,-27,-20,-15,-4,-38,-18,-49,-44,-43,-35,-30,-30,-36,-36,-14,-14,-12,0,0,0,0,0,0,0]} 1. d4 Nf6 2. e3 d5 3. f4 e6 4. Nf3 c5 5. c3 Nc6 6. Bd3 Be7 7. Nbd2 O-O 8. O-O Qc7 9. Ne5 Nxe5 10. fxe5 Ne8 11. Qh5 g6 12. Qe2 f6 13. exf6 Bxf6 14. Nf3 e5 15. dxe5 Bxe5 16. Nxe5 Rxf1+ 17. Qxf1 Qxe5 18. Bd2 Nd6 19. Qf4 Qe7 20. c4 Nxc4 21. Bxc4 dxc4 22. Qxc4+ Be6 23. Qe4 Rf8 24. Bc3 Qf7 25. h3 Bd5 26. Qh4 Bxg2 27. Kxg2 Qf3+ 28. Kh2 Qe2+ 29. Kh1 Qf3+ 1/2-1/2

[Event "10. ArberSchach Festival Open 2023"]
[Site "Bodenmais"]
[Date "2023.08.12"]
[Round "8.26"]
[White "Nahlik, Bernhard"]
[Black "Geike, Eberhard"]
[Result "1-0"]
[WhiteElo "1797"]
[BlackElo "1721"]
[PlyCount "67"]
[EventDate "2023.??.??"]
[WhiteTeam "SC Ansbach"]
[BlackTeam "Telestern"]

{[%evp 0,67,32,18,31,-12,-2,-23,9,12,7,13,12,26,39,43,45,27,24,22,28,35,35,22,49,58,58,23,18,15,13,7,49,37,58,53,75,68,118,102,148,156,202,193,193,210,206,185,492,293,288,258,264,274,274,177,174,144,171,163,164,150,164,107,178,183,326,340,383,390]} 1. Nf3 Nc6 2. c4 e6 3. g3 b6 4. Bg2 Bb7 5. O-O Nf6 6. Nc3 d5 7. cxd5 Nxd5 8. d4 Be7 9. e4 Nxc3 10. bxc3 O-O 11. Bf4 Bd6 12. e5 Be7 13. h4 Na5 14. Qc2 Bd5 15. Ng5 g6 16. Ne4 Re8 17. Rfd1 Nc4 18. Qe2 Kh8 19. Bh6 Rg8 20. Ng5 Rg7 21. Bxg7+ Kxg7 22. Bxd5 Qxd5 23. Qf3 f6 24. Qxd5 exd5 25. exf6+ Bxf6 26. Ne6+ Kf7 27. Nf4 c6 28. a4 h6 29. Nd3 g5 30. h5 Nd6 31. Ne5+ Ke6 32. Re1 Ne4 33. Ng4 Kd6 34. Rxe4 1-0

[Event "10. ArberSchach Festival Open 2023"]
[Site "Bodenmais"]
[Date "2023.08.12"]
[Round "8.29"]
[White "Hilbig, Dieter"]
[Black "Lanz, Udo"]
[Result "0-1"]
[WhiteElo "1867"]
[BlackElo "1744"]
[PlyCount "48"]
[EventDate "2023.??.??"]
[WhiteTeam "ESV Gera"]
[BlackTeam "VSG Offenbach"]

{[%evp 0,48,19,25,43,40,95,28,23,24,25,42,35,7,4,-3,45,10,15,22,2,12,17,-56,-46,-53,-51,-102,-84,-63,0,-22,15,-54,-17,-17,20,6,12,-31,-27,-90,-103,-103,-101,-98,-92,-493,-470,-465,-465]} 1. e4 c5 2. Nc3 g6 3. f4 Nc6 4. Nf3 Bg7 5. Bb5 Nd4 6. O-O a6 7. Bd3 b5 8. Nxd4 Bxd4+ 9. Kh1 Bb7 10. e5 d6 11. exd6 exd6 12. Re1+ Ne7 13. Qe2 Bf6 14. Ne4 Bxe4 15. Bxe4 Ra7 16. f5 d5 17. Bf3 O-O 18. fxg6 hxg6 19. d3 Nf5 20. Bg4 Re7 21. Qf1 Rxe1 22. Qxe1 Re8 23. Qf2 Bd4 24. Qf1 Qh4 0-1

[Event "10. ArberSchach Festival Open 2023"]
[Site "Bodenmais"]
[Date "2023.08.13"]
[Round "9.7"]
[White "Skibbe, Diana"]
[Black "Hein, Ralf"]
[Result "0-1"]
[WhiteElo "1938"]
[BlackElo "2020"]
[PlyCount "76"]
[EventDate "2023.??.??"]
[WhiteTeam "SC Zeulenroda"]
[BlackTeam "SC Diogenes"]

{[%evp 0,76,27,27,24,25,25,-2,64,48,42,41,51,4,0,-2,6,5,2,9,15,7,1,1,11,-2,1,8,11,11,5,6,17,17,13,-3,4,-26,-9,-9,-11,-13,-3,5,-3,-18,-23,0,-13,-6,61,-28,5,-32,-40,-74,-40,-36,-42,-44,-38,-56,-34,-49,-64,-96,-26,-25,-58,-47,-45,-96,-115,-181,-115,-386,-391,-416,-411]} 1. e4 e5 2. Nf3 Nc6 3. Bb5 d6 4. d4 exd4 5. Nxd4 Bd7 6. Bxc6 bxc6 7. O-O Nf6 8. Nc3 Be7 9. f3 O-O 10. Be3 c5 11. Nde2 Bc6 12. Nf4 Nd7 13. Nfd5 Bf6 14. Nxf6+ Qxf6 15. Qd2 Ne5 16. b3 Rfe8 17. Kh1 Qe6 18. Bg1 f5 19. Rae1 a5 20. Nd5 Qf7 21. c4 Bxd5 22. exd5 a4 23. Qc3 axb3 24. axb3 Rab8 25. Rb1 Qg6 26. Rfe1 f4 27. Rb2 Nd3 28. Rxe8+ Rxe8 29. Rd2 Nb4 30. Qc1 Qf6 31. Qd1 Qe5 32. Bf2 Kf7 33. Kg1 Ra8 34. Qf1 Qc3 35. Rd1 Qxb3 36. Re1 Nc2 37. Qe2 Nxe1 38. Qe6+ Kf8 0-1

[Event "10. ArberSchach Festival Open 2023"]
[Site "Bodenmais"]
[Date "2023.08.13"]
[Round "9.9"]
[White "Hamlack, Heinz"]
[Black "Mayr, Guenter"]
[Result "1/2-1/2"]
[WhiteElo "2002"]
[BlackElo "1845"]
[PlyCount "34"]
[EventDate "2023.??.??"]
[WhiteTeam "SK Bad Neustadt"]
[BlackTeam "RW Klettham"]

{[%evp 0,34,24,23,14,24,22,-4,45,29,23,4,-3,6,-25,-26,27,-33,-22,-42,1,-37,-26,-38,-44,-35,-17,-22,-24,-44,-40,-81,-15,-38,14,-15,-16]} 1. Nf3 d5 2. d4 Nf6 3. c4 c6 4. Nbd2 Bf5 5. Qb3 Qc7 6. Nh4 Be6 7. Qc2 g6 8. e3 Bg7 9. b3 Nbd7 10. c5 b6 11. Ba3 bxc5 12. Bxc5 Nxc5 13. Qxc5 Nd7 14. Qc2 O-O 15. Rc1 Rac8 16. Ba6 Rcd8 17. Bd3 Rc8 1/2-1/2

[Event "10. ArberSchach Festival Open 2023"]
[Site "Bodenmais"]
[Date "2023.08.13"]
[Round "9.10"]
[White "Bangert, Udo"]
[Black "Fuchs, Michael"]
[Result "1/2-1/2"]
[WhiteElo "1838"]
[BlackElo "1988"]
[PlyCount "37"]
[EventDate "2023.??.??"]
[WhiteTeam "SC Grunbach"]
[BlackTeam "DJK SF Haselbach"]

{[%evp 0,37,25,14,22,-4,33,33,32,13,13,-5,25,33,44,25,39,38,37,20,28,31,19,13,3,21,19,13,66,17,33,33,16,32,29,-8,26,17,14,-2]} 1. Nf3 Nf6 2. c4 g6 3. Nc3 Bg7 4. g3 O-O 5. Bg2 d6 6. d4 Nc6 7. O-O a6 8. h3 Rb8 9. Bg5 b5 10. cxb5 axb5 11. a3 b4 12. axb4 Nxb4 13. Qd2 c5 14. Rfe1 cxd4 15. Nxd4 Bb7 16. e4 Qd7 17. Bh6 Nc6 18. Bxg7 Kxg7 19. Nxc6 1/2-1/2

[Event "10. ArberSchach Festival Open 2023"]
[Site "Bodenmais"]
[Date "2023.08.13"]
[Round "9.12"]
[White "Godoj, Veit"]
[Black "Nahlik, Bernhard"]
[Result "1-0"]
[WhiteElo "1966"]
[BlackElo "1797"]
[PlyCount "101"]
[EventDate "2023.??.??"]
[WhiteTeam "SK König Tegel"]
[BlackTeam "SC Ansbach"]

{[%evp 0,71,25,25,67,73,73,69,93,42,46,39,40,30,72,60,53,42,67,61,70,70,60,79,66,19,32,37,40,30,50,24,10,28,28,9,20,21,18,27,37,37,38,30,81,110,209,124,147,147,266,240,245,250,277,279,306,323,386,399,443,416,671,675,785,908,921,954,954,1027,1036,1079,1130,971]} 1. e4 d6 2. d4 Nf6 3. Nc3 g6 4. Be3 Bg7 5. f3 Nc6 6. Qd2 e5 7. d5 Ne7 8. O-O-O h5 9. h4 Bd7 10. Nh3 a6 11. Kb1 b5 12. Rc1 Qb8 13. Nf2 b4 14. Ncd1 a5 15. c4 c5 16. Be2 Qc8 17. Nh3 a4 18. Ndf2 a3 19. b3 Bxh3 20. Rxh3 Qd7 21. g4 hxg4 22. fxg4 Kd8 23. Bf3 Kc7 24. h5 Rh7 25. h6 Bh8 26. g5 Ne8 27. Bg4 Qd8 28. Rf3 Ng8 29. Rf1 Kb8 30. Nd3 Qe7 31. Nxb4 cxb4 32. Qxb4+ Qb7 33. Qxb7+ Kxb7 34. Rxf7+ Rxf7 35. Rxf7+ Nc7 36. h7 Ne7 37. Rxe7 Rf8 38. Be2 Kc8 39. Bg4+ Kb8 40. c5 dxc5 41. Bxc5 Rf1+ 42. Kc2 Ra1 43. Bd6 Rxa2+ 44. Kc3 Rg2 45. Bxa3 Nxd5+ 46. exd5 e4+ 47. Kc4 Rxg4 48. Re8+ Kc7 49. Rxh8 Rh4 50. Ra8 e3+ 51. Kd3 1-0

[Event "10. ArberSchach Festival Open 2023"]
[Site "Bodenmais"]
[Date "2023.08.13"]
[Round "9.13"]
[White "Kuppinger, Bernd"]
[Black "Schönfeld, Volker"]
[Result "1/2-1/2"]
[WhiteElo "1759"]
[BlackElo "1957"]
[PlyCount "62"]
[EventDate "2023.??.??"]
[WhiteTeam "SC Waldbronn"]
[BlackTeam "VfL Gera"]

{[%evp 0,62,25,26,22,-4,31,25,10,14,15,15,5,7,7,7,13,2,26,16,16,0,0,0,0,-68,-58,-56,-25,-49,-30,-76,-66,-59,-28,-28,-41,-97,-62,-175,-49,-47,14,-7,-11,-5,-5,4,-4,-7,-5,-5,-19,-9,0,-181,-67,-89,0,9,20,25,11,0,33]} 1. d4 Nf6 2. c4 g6 3. g3 c6 4. Bg2 d5 5. cxd5 cxd5 6. Nc3 Bg7 7. Nf3 O-O 8. O-O Ne4 9. Qb3 Nc6 10. e3 Na5 11. Qb5 a6 12. Qe2 Bg4 13. h3 Nxc3 14. bxc3 Bd7 15. a4 Rc8 16. Ne5 Bxe5 17. dxe5 Qc7 18. e4 Nb3 19. Bf4 Qxc3 20. Ra3 Qc4 21. Qa2 Nc5 22. exd5 Qxa2 23. Rxa2 Bxa4 24. Rc1 b5 25. d6 exd6 26. exd6 Bb3 27. Rxc5 Rxc5 28. Rxa6 Bd5 29. Be3 Bxg2 30. Bxc5 Bxh3 31. Rb6 Be6 1/2-1/2

[Event "10. ArberSchach Festival Open 2023"]
[Site "Bodenmais"]
[Date "2023.08.13"]
[Round "9.15"]
[White "Drews, Rüdiger"]
[Black "Müller-Imm, Joachim"]
[Result "1/2-1/2"]
[WhiteElo "1894"]
[BlackElo "1844"]
[PlyCount "58"]
[EventDate "2023.??.??"]
[WhiteTeam "Mosbacher SC"]
[BlackTeam "SC Waldbronn"]

{[%evp 0,58,25,-4,-22,-19,-19,-33,0,-11,3,-2,8,25,35,45,57,30,25,49,83,70,74,58,63,59,72,68,75,47,56,56,44,53,112,112,111,91,103,100,103,40,41,26,20,23,4,3,20,1,3,7,23,29,8,13,24,36,4,4,0]} 1. c4 e5 2. Nc3 Nc6 3. g3 f5 4. Bg2 Nf6 5. e3 Bb4 6. Nge2 Bxc3 7. Nxc3 d6 8. d3 O-O 9. O-O Ne7 10. d4 c6 11. dxe5 dxe5 12. b3 Be6 13. Ba3 Re8 14. Qd6 Qxd6 15. Bxd6 e4 16. Rad1 Kf7 17. f3 exf3 18. Bxf3 Rad8 19. e4 Nc8 20. e5 Nxd6 21. exd6 Bd7 22. Rfe1 Rxe1+ 23. Rxe1 Be6 24. c5 Nd7 25. b4 a5 26. a3 axb4 27. axb4 Ra8 28. Ne2 Ne5 29. Bg2 Nd3 1/2-1/2

[Event "10. ArberSchach Festival Open 2023"]
[Site "Bodenmais"]
[Date "2023.08.13"]
[Round "9.16"]
[White "Pekrul, Jürgen"]
[Black "Siegismund, Bernd"]
[Result "1/2-1/2"]
[WhiteElo "1891"]
[BlackElo "1764"]
[PlyCount "37"]
[EventDate "2023.??.??"]
[WhiteTeam "VfL Gera"]
[BlackTeam "SK Bad Schwalbach"]

{[%evp 0,37,25,26,22,4,-20,-15,6,11,23,8,3,5,6,-6,37,39,38,16,36,33,42,35,99,33,41,3,58,33,33,45,49,-7,-5,8,17,-50,-59,-86]} 1. d4 Nf6 2. g3 d5 3. Bg2 g6 4. Nf3 Bg7 5. O-O O-O 6. c4 c6 7. Nc3 Nbd7 8. cxd5 cxd5 9. b3 Re8 10. Bf4 a6 11. Rc1 Nb6 12. a4 Bf5 13. Nh4 Bg4 14. h3 Be6 15. Qd2 Nc8 16. Rfd1 Nd6 17. Nf3 Nfe4 18. Nxe4 dxe4 19. Ng5 1/2-1/2

[Event "10. ArberSchach Festival Open 2023"]
[Site "Bodenmais"]
[Date "2023.08.13"]
[Round "9.18"]
[White "Nebe, Hartmut"]
[Black "Kalkmann, Hans"]
[Result "1-0"]
[WhiteElo "1766"]
[BlackElo "1848"]
[PlyCount "103"]
[EventDate "2023.??.??"]
[WhiteTeam "SK Ettlingen"]
[BlackTeam "SC Springer St.Tönis"]

{[%evp 0,103,25,25,42,34,44,39,72,70,151,103,106,107,121,116,257,280,286,207,220,191,241,255,255,256,212,314,314,148,148,11,22,-39,17,45,0,-332,92,134,608,572,571,482,486,510,518,525,537,547,564,268,295,293,259,249,288,279,373,330,392,459,463,353,631,545,631,357,377,128,114,114,118,104,114,95,167,62,170,153,143,144,231,143,147,149,231,251,236,239,239,241,271,239,456,455,451,451,451,454,456,443,451,447,459,468]} 1. e4 e6 2. d4 d5 3. Nd2 Qd7 4. Ngf3 b6 5. Ne5 Qd6 6. c3 c6 7. Bd3 dxe4 8. Nxe4 Qc7 9. O-O Nd7 10. Nxf7 Kxf7 11. Ng5+ Ke7 12. Nxe6 Kxe6 13. Re1+ Ne5 14. Rxe5+ Kd7 15. Qh5 Nf6 16. Bf5+ Kd8 17. Bg5 Be7 18. Rae1 Bxf5 19. Bxf6 g6 20. Qg5 h6 21. Bxe7+ Kc8 22. Qf6 Kb7 23. Bd6 Qd8 24. Re7+ Ka6 25. Bc7 Qd5 26. a4 Rhf8 27. Qh4 h5 28. b4 Qc4 29. b5+ cxb5 30. axb5+ Kxb5 31. Qf4 Rac8 32. Qe5+ Kc6 33. Ra1 Qd5 34. Qg3 Rfe8 35. Rxe8 Rxe8 36. Be5 a5 37. Qg5 Rc8 38. c4 Qd7 39. Qf6+ Kb7 40. c5 Rc6 41. Qf8 Rc8 42. Qf6 Rc6 43. Bd6 Qe6 44. Qd8 Qc8 45. Qe7+ Qd7 46. Qe5 Qe6 47. d5 Qxe5 48. dxc6+ Kxc6 49. Bxe5 Kxc5 50. Kf1 Kb4 51. Ke2 Kb3 52. Bc7 1-0

[Event "10. ArberSchach Festival Open 2023"]
[Site "Bodenmais"]
[Date "2023.08.13"]
[Round "9.21"]
[White "Schröder, Klaus"]
[Black "Birken, Michael"]
[Result "0-1"]
[WhiteElo "1759"]
[BlackElo "1945"]
[PlyCount "100"]
[EventDate "2023.??.??"]
[WhiteTeam "SC Karlsdorf"]
[BlackTeam "SK Gerolzhofen"]

{[%evp 0,95,25,26,22,22,62,35,35,32,51,32,47,39,30,51,51,49,53,32,72,52,51,44,73,53,56,15,18,-54,-16,-16,-20,-43,-38,-40,-46,-66,-24,-31,-43,-66,-26,-23,-23,-104,-106,-98,-110,-127,-98,-91,-92,-91,-93,-89,-73,-123,-123,-108,-108,-155,-155,-154,-159,-203,-202,-222,-202,-210,-218,-222,-214,-211,-206,-204,-206,-203,-236,-243,-241,-284,-212,-261,-243,-321,-266,-354,-363,-426,-372,-423,-421,-429,-504,-563,-648,-791]} 1. d4 Nf6 2. Nf3 d6 3. c4 g6 4. Nc3 Bg7 5. e4 O-O 6. Be2 Nbd7 7. O-O e5 8. dxe5 dxe5 9. Be3 c6 10. b4 Qe7 11. c5 Rd8 12. Qc2 Nf8 13. Rad1 Bg4 14. Nd2 Bxe2 15. Nxe2 Ng4 16. Nf3 Nxe3 17. fxe3 Rxd1 18. Rxd1 Rd8 19. Nc3 Ne6 20. Nb1 Ng5 21. Rxd8+ Qxd8 22. Nxg5 Qxg5 23. Qd3 Bh6 24. Kf1 Qxe3 25. Qxe3 Bxe3 26. Ke2 Bg1 27. h3 f5 28. Kf3 Kf7 29. Nd2 Ke6 30. a4 a5 31. bxa5 Bxc5 32. a6 bxa6 33. Nc4 Bd4 34. Na5 Kd6 35. Nb3 Bc3 36. Ke3 Bb4 37. Kd3 f4 38. Kc4 a5 39. Nc1 g5 40. Nd3 Bd2 41. Nc5 h5 42. Nb7+ Kc7 43. Nc5 g4 44. Ne6+ Kd6 45. Ng7 f3 46. gxf3 gxh3 47. Nf5+ Ke6 48. Ng3 h2 49. Kc5 Be1 50. Nh1 Kd7 0-1

[Event "10. ArberSchach Festival Open 2023"]
[Site "Bodenmais"]
[Date "2023.08.13"]
[Round "9.22"]
[White "Geigle, Bruno"]
[Black "Wltschek, Christian"]
[Result "1/2-1/2"]
[WhiteElo "1933"]
[BlackElo "1808"]
[PlyCount "32"]
[EventDate "2023.??.??"]
[WhiteTeam "SK Lauffen"]
[BlackTeam "Post Regensburg"]

{[%evp 0,32,26,25,33,46,80,51,22,32,59,79,77,49,45,53,76,41,44,44,30,21,65,20,21,4,39,42,32,30,-13,5,0,0,0]} 1. e4 c5 2. Nf3 e6 3. d4 cxd4 4. Nxd4 a6 5. Nc3 Qc7 6. Bd3 Nf6 7. O-O Be7 8. Kh1 d6 9. f4 Nbd7 10. Qe2 O-O 11. Bd2 Nc5 12. Rac1 b5 13. b4 Ncd7 14. Rce1 Bb7 15. e5 Nd5 16. Nxd5 Bxd5 1/2-1/2

[Event "10. ArberSchach Festival Open 2023"]
[Site "Bodenmais"]
[Date "2023.08.13"]
[Round "9.25"]
[White "Lanz, Udo"]
[Black "Reuter, Roland"]
[Result "1/2-1/2"]
[WhiteElo "1744"]
[BlackElo "1847"]
[PlyCount "25"]
[EventDate "2023.??.??"]
[WhiteTeam "VSG Offenbach"]
[BlackTeam "SK Schwabach"]

{[%evp 0,25,25,25,45,13,60,39,71,50,78,79,80,63,98,66,50,49,49,41,45,38,41,0,57,28,47,12]} 1. e4 c5 2. c3 g6 3. d4 cxd4 4. cxd4 Bg7 5. Nc3 d6 6. Be3 Bd7 7. Bc4 Nf6 8. f3 O-O 9. Nge2 Nc6 10. Qd2 Rc8 11. Bb3 Qa5 12. h4 h5 13. Bh6 1/2-1/2